Modern human relations at work

Αποθηκεύτηκε σε:
Λεπτομέρειες βιβλιογραφικής εγγραφής
Κύριος συγγραφέας: Hodgetts, Richard M.
Μορφή: Βιβλίο
Γλώσσα:English
Δημοσίευση: Fort Worth : Dryden, c1999
Έκδοση:7th ed.
Θέματα:
Ετικέτες: Προσθήκη ετικέτας
Δεν υπάρχουν, Καταχωρήστε ετικέτα πρώτοι!

MARC

LEADER 00000cam a2200000 i 4500
001 1/16728
008 010202s1999 eng d
020 |a 0-03-022374-1 
035 |l 10065882 
040 |a GR-MY-UA  |b gre  |e aacr 
041 0 |a eng 
082 0 |a 658.4 
100 1 |a Hodgetts, Richard M. 
245 1 0 |a Modern human relations at work /  |c Richard M. Hodgetts 
250 |a 7th ed. 
260 |a Fort Worth :   |b Dryden,   |c c1999 
300 |a xxi, 503 p. 
504 |a Includes indexes 
650 0 0 |a Organizational behavior. 
650 0 0 |a Personnel management. 
852 |a INST  |b CHIOS  |e 20010202  |h 658.4 HOD  |p 005200016944  |q 005200016944  |t BK  |y 0 
901 |a BIBL2-2001-1 
909 |a Χ  |b 076277 
970 |a ΣΠΕΝΤΖΑ  |b ΕΛΕΝΗ  |z 2001/02/02